000 01563cam a22003737a 4500
999 _c19560
_d19560
001 14642008
005 20170117091726.0
008 061121s2005 enkae b 001 0 eng c
010 _a 2006491668
015 _aGBA631179
_2bnb
016 7 _a013351990
_2Uk
020 _a1904965075 (pbk.)
035 _a(OCoLC)ocm64937069
035 _a(OCoLC)64937069
042 _apcc
050 0 0 _aNA6117 .G73 2005
100 1 _aGrainger, Hilary J.
245 1 0 _aDeath redesigned :
_bBritish crematoria, history, architecture and landscape /
_cHilary J. Grainger.
246 3 0 _aBritish crematoria :
_bhistory, architecture and landscape
260 _aReading :
_bSpire Books, in association with the Cremation Society of Great Britain,
_cc2005.
300 _a519 p. :
_bill., plans ;
_c26 cm.
504 _aIncludes bibliographical references (p. 505-510) and index.
650 0 _aCrematoriums
_zGreat Britain
_xHistory.
650 0 _aCrematoriums
_xLandscape architecture
_zGreat Britain.
650 0 _aCremation
_zGreat Britain
_xHistory.
710 2 _aCremation Society of Great Britain.
856 4 1 _3Table of contents only
_uhttp://www.loc.gov/catdir/toc/fy0706/2006491668.html
942 _2lcc
_cBOOKS
_hNA6117 .G73 2005